00330nam a2200109Ia 4500008004100000082000800041100002100049245003400070942000600104952009500110999001500205240331s9999 xx 000 0 und d bRAJ aRajanarayanan, K 0aNattuppura palliyal kathaikal cL 001040708LaWERCLbWERCLcSSCd2024-03-31l0o 398 RAJp2939r2024-03-31w2024-03-31yL c3654d3654